| 000 | 00683nam a2200205 i 4500 | ||
|---|---|---|---|
| 001 | 137772 | ||
| 003 | ES-MaACL | ||
| 005 | 20240223183405.0 | ||
| 007 | t| | ||
| 008 | 070214s1948 ag r ||||1| spa d | ||
| 100 | 1 |
_aSalinas, Pedro, _d1891-1951 _9101942 |
|
| 245 | 1 | 3 |
_aLa poesía de Rubén Darío _b: (ensayo sobre el tema y los temas del poeta) / _cPedro Salinas. |
| 260 |
_aBuenos Aires : _bLosada, _c1948. |
||
| 300 |
_a294 p. ; _c21 cm. |
||
| 490 | 1 | _aEstudios literarios | |
| 600 | 1 | 4 |
_aDarío, Rubén, _d1867-1916- _xCrítica e interpretación _942722 |
| 830 | 0 |
_aEstudios literarios _9181462 |
|
| 852 |
_aES-MaACL _jD-6982 _bR.29424 |
||
| 999 |
_c137772 _d137772 |
||